Оптимизация параметров системы термостатирования узла скважинного прибора; Современные техника и технологии; Т. 1

Bibliografiske detaljer
Parent link:Современные техника и технологии: сборник трудов XVIII международной научно-практической конференции студентов, аспирантов и молодых ученых, Томск, 9-13 апреля 2012 г/ Национальный исследовательский Томский политехнический университет (ТПУ).— , 2012
Т. 1.— 2012.— [С. 229-230]
Hovedforfatter: Пакулько С. Ю.
Institution som forfatter: Национальный исследовательский Томский политехнический университет (ТПУ)
Andre forfattere: Белянин Л. Н. Лев Николаевич (научный руководитель)
Summary:Заглавие с титульного листа
Sprog:russisk
Udgivet: 2012
Serier:Секция 2. Приборостроение
Fag:
Online adgang:http://www.lib.tpu.ru/fulltext/v/Conferences/2012/C2/V1/v1_112.pdf
Format: MixedMaterials Electronisk Book Chapter
KOHA link:https://koha.lib.tpu.ru/cgi-bin/koha/opac-detail.pl?biblionumber=222112

MARC

LEADER 00000naa2a2200000 4500
001 222112
005 20260210164708.0
035 |a (RuTPU)RU\TPU\book\242295 
090 |a 222112 
100 |a 20120918d2012 k y0rusy50 ca 
101 0 |a rus 
102 |a RU 
135 |a drnn ---uucaa 
181 0 |a i  
182 0 |a b 
200 1 |a Оптимизация параметров системы термостатирования узла скважинного прибора  |f С. Ю. Пакулько  |g Национальный исследовательский Томский политехнический университет (ТПУ) ; науч. рук. Л. Н. Белянин 
203 |a Текст  |c электронный 
215 |a 1 файл (723 Кб) 
225 1 |a Секция 2. Приборостроение 
300 |a Заглавие с титульного листа 
320 |a [Библиогр.: с. 230 (2 назв.)] 
337 |a Adobe Reader 
461 1 |0 (RuTPU)RU\TPU\book\240890  |t Современные техника и технологии  |o сборник трудов XVIII международной научно-практической конференции студентов, аспирантов и молодых ученых, Томск, 9-13 апреля 2012 г  |o в 3 т.  |f Национальный исследовательский Томский политехнический университет (ТПУ)  |d 2012 
463 1 |0 (RuTPU)RU\TPU\book\240891  |t Т. 1  |v [С. 229-230]  |d 2012 
610 1 |a труды учёных ТПУ 
610 1 |a электронный ресурс 
610 1 |a скважинные приборы 
610 1 |a термостатирование 
610 1 |a гироскопы 
610 1 |a гигроскопичность 
700 1 |a Пакулько  |b С. Ю. 
702 1 |a Белянин  |b Л. Н.  |c доцент Томского политехнического университета, кандидат технических наук  |c выпускник ТПИ 1967 г.  |c специалист в области точного приборостроения  |f 1944-  |g Лев Николаевич  |4 727 
712 0 2 |a Национальный исследовательский Томский политехнический университет (ТПУ)  |c (2009- )  |3 (RuTPU)RU\TPU\col\15902 
801 2 |a RU  |b 63413507  |c 20130205  |g RCR 
856 4 |u http://www.lib.tpu.ru/fulltext/v/Conferences/2012/C2/V1/v1_112.pdf 
942 |c CF